000 00578nam a2200229 a 4500
001 nice12345678
003 IN_TiNIC
005 20260116014316.0
008 131121s2012 muma grp 000 0 eng
020 _a
_c200
082 0 0 _a306.0899145
_bPUN
100 _aPuniyani, Ram
245 _aQuest for Social Justice
_b An Illustrated Primer
260 _aMumbai
_bVikas Adhyayan Kendra
_c2012
300 _a111p
500 _aincludes index and biblioraphy
650 _aCaste-India
700 1 _aPuniyani, Ram
902 _bSRS
942 _cBK
999 _c14747
_d14747